| 000 | 00419nam a2200181Ia 4500 | ||
|---|---|---|---|
| 003 | OSt | ||
| 005 | 20230413154334.0 | ||
| 008 | 210210b1963 xxu||||| |||| 00| 0 eng d | ||
| 040 | _cAL | ||
| 041 | _aeng | ||
| 082 | _a829/854 | ||
| 100 |
_aRAO (Raja) _988272 |
||
| 245 | _aKanthapura | ||
| 260 |
_aLondon _bOxford University Press _c1963 |
||
| 690 |
_aEnglish Fiction _988273 |
||
| 906 | _a017471 | ||
| 942 |
_2ddc _cBK |
||
| 999 |
_c137437 _d137437 |
||